Vocabulario (Record no. 25894)

MARC details
000 -LEADER
campo de control de longitud fija 00635nam a2200193 i 4500
001 - NÚMERO DE CONTROL
campo de control 25894
003 - IDENTIFICADOR DE NÚMERO DE CONTROL
campo de control ES-MaACL
007 - CAMPO FIJO DE DESCRIPCIÓN FÍSICA--INFORMACIÓN GENERAL
campo de control de longitud fija t|
008 - DATOS DE LONGITUD FIJA--INFORMACIÓN GENERAL
campo de control de longitud fija 030103s1927 sp ||||1| spa d
100 1# - ENTRADA PRINCIPAL--NOMBRE DE PERSONA
Nombre de persona Arnáiz, Marcelino.
9 (RLIN) 23019
245 10 - MENCIÓN DEL TÍTULO
Título Vocabulario
Resto del título : ideario /
Mención de responsabilidad, etc. por M. Arnáiz y B. Alcalde.
260 ## - PUBLICACIÓN, DISTRIBUCIÓN, ETC.
Lugar de publicación, distribución, etc. Madrid :
Nombre del editor, distribuidor, etc. Voluntad,
Fecha de publicación, distribución, etc. [1927]
300 ## - DESCRIPCIÓN FÍSICA
Extensión 659 p. ;
Dimensiones 21 cm.
490 1# - MENCIÓN DE SERIE
Mención de serie Biblioteca de diccionarios manuales. Manual de Filosofía ;
Designación de volumen o secuencia 1
700 1# - ENTRADA AGREGADA--NOMBRE PERSONAL
Nombre de persona Alcalde, B.
9 (RLIN) 19477
830 0# - PUNTO DE ACCESO ADICIONAL DE SERIE-TÍTULO UNIFORME
Título uniforme Biblioteca de diccionarios manuales. Manual de Filosofía ;
Designación de volumen o secuencia 1
9 (RLIN) 229149
852 ## - LOCALIZACIÓN
Ubicación ES-MaACL
Número de control de estantería B-9830
Sublocalización o colección R.24112
Holdings
Estatus retirado Estado de pérdida Estado de daño No para préstamo Biblioteca de origen Biblioteca actual Ubicación en estantería Fecha de adquisición Fuente de adquisición Total de préstamos Signatura topográfica completa Código de barras Visto por última vez Precio de reemplazo Tipo de ítem Koha
        Biblioteca del Ateneo de Madrid Biblioteca del Ateneo de Madrid Sala Pardo Bazán 17/01/2008     B-9830 1026714 23/02/2023 23/02/2023 Libro impreso